Central Library OPAC University of Rajshahi

টলষ্টয়ের সেরা গল্প / (Record no. 49335)

MARC details
000 -LEADER
fixed length control field 00890nam a22002417a 4500
001 - CONTROL NUMBER
control field 49335
003 - CONTROL NUMBER IDENTIFIER
rucl marc code BD-RjUL
005 - DATE AND TIME OF LATEST TRANSACTION
control field 20211209054651.0
008 - FIXED-LENGTH DATA ELEMENTS--GENERAL INFORMATION
fixed length control field 160820s1970 bg a|||| |||| 00| 0 ben d
020 ## - INTERNATIONAL STANDARD BOOK NUMBER
Terms of availability : TK. 2.25
035 ## - SYSTEM CONTROL NUMBER
System control number (BD-RjUL)49454
040 ## - CATALOGING SOURCE
Original cataloging agency BD-RjUL
Language of cataloging ben
Transcribing agency BD-RjUL
Modifying agency BD-RjUL
041 ## - LANGUAGE CODE
Language code of text/sound track or separate title ben
082 ## - DEWEY DECIMAL CLASSIFICATION NUMBER
Edition number 23
Classification number 891.73
Author mark and year ALT 1970
100 ## - MAIN ENTRY--PERSONAL NAME
Personal name আলী, মোহাম্মদ নাসির
9 (RLIN) 148166
245 ## - TITLE STATEMENT
Title টলষ্টয়ের সেরা গল্প /
Statement of responsibility, etc. মোহাম্মদ নাসির আলী
250 ## - EDITION STATEMENT
Edition statement ৩য়-সংস্করণ
260 ## - PUBLICATION, DISTRIBUTION, ETC. (IMPRINT)
Place of publication, distribution, etc. ঢাকা :
Name of publisher, distributor, etc. নওরোজ কিতাবিস্তান,
Date of publication, distribution, etc. ১৯৭০.
300 ## - PHYSICAL DESCRIPTION
Pagination ১২১ পৃ. :
Illustrations চিএ ;
Size ২৪ সেমি.
650 ## - SUBJECT ADDED ENTRY--TOPICAL TERM
Topical term or geographic name as entry element রাশিয়ান উপন্যাস
9 (RLIN) 148167
Topical term or geographic name as entry element Russian Fiction
9 (RLIN) 122083
942 ## - ADDED ENTRY ELEMENTS (KOHA)
Source of classification or shelving scheme Dewey Decimal Classification
Koha item type Books
Holdings
Lost status Source of classification or shelving scheme Damaged status Not for loan Collection code Permanent Location Current Location Shelving location Date acquired Source of acquisition Cost, normal purchase price Total Checkouts Full call number Date last seen Copy number Koha item type
  Dewey Decimal Classification     Non-fiction Central Library, University of Rajshahi Central Library, University of Rajshahi   07/09/1973 Nowros, Dhaka 2.25   B 891.73 ALT 1970 20/08/2016 C-2 Books
  Dewey Decimal Classification     Non-fiction Central Library, University of Rajshahi Central Library, University of Rajshahi   07/09/1973 Nowros, Dhaka 2.25   B 891.73 ALT 1970 20/08/2016 C-3 Books